[Event "Martorell op 37th C"]
[Site "Martorell"]
[Date "2019.09.21"]
[Round "2.3"]
[White "Ayats Andreu, Roger"]
[Black "Torres Palau, Jordi"]
[Result "1-0"]
[WhiteElo "1705"]
[BlackElo "1815"]
[PlyCount "69"]
[EventDate "2019.09.14"]
[EventType "swiss"]
[EventRounds "9"]
[EventCountry "ESP"]
[SourceTitle "EXT 2024"]
[Source "ChessBase"]
[SourceDate "2023.10.10"]
[SourceVersion "1"]
[SourceVersionDate "2023.10.10"]
[SourceQuality "1"]

1. e4 e5 2. Nf3 Bc5 3. Nxe5 Qh4 4. Qf3 Nf6 5. Nc3 d6 6. g3 Qh5 7. Qxh5 Nxh5 8. Nf3 Nc6 9. Bg2 Nb4 10. 0-0 Nxc2 11. Rb1 Nb4 12. d4 Bb6 13. a3 Nc6 14. Be3 0-0 15. Rfe1 Bg4 16. d5 Ne7 17. e5 Ng6 18. Bxb6 axb6 19. e6 fxe6 20. Ng5 e5 21. h3 Bd7 22. Ne6 Bxe6 23. dxe6 c6 24. h4 Rf6 25. Bh3 Nxh4 26. gxh4 Nf4 27. Bg4 Rg6 28. f3 Nxe6 29. h5 Rf6 30. Ne4 Rh6 31. Nxd6 Rd8 32. Rbd1 Nd4 33. Nf5 Ne2+ 34. Kf2 Rxd1 35. Nxh6+ 1-0